| 000 | 01121cam a22002054a 4500 | ||
|---|---|---|---|
| 005 | 20250605164025.0 | ||
| 008 | 250528s ||||||||||||||||||||||||d | ||
| 035 | _a16499 | ||
| 020 | _a528596 | ||
| 040 |
_aGR-AtMCL _bgre _dGR-AtMCL _eAACR2 |
||
| 245 | 1 | _aMen and Movements in American Philosophy | |
| 260 |
_bPrentice Hall, _c1952 |
||
| 300 | _a406 | ||
| 505 | 0 | _aForeword, The Puritan Background, Colonial Materialism and Immaterialism, The American Enlightment, Philosophical Orthodoxy, New England's Wild Oats, The Biologizing of Philosophy, Varieties of Idealism, Pragmatic Perspectives, Cross Currents of Realism, The Emergence of Naturalism, Footnotes and Suggested Reading, Index. | |
| 520 | _aForeword, The Puritan Background, Colonial Materialism and Immaterialism, The American Enlightment, Philosophical Orthodoxy, New England's Wild Oats, The Biologizing of Philosophy, Varieties of Idealism, Pragmatic Perspectives, Cross Currents of Realism, The Emergence of Naturalism, Footnotes and Suggested Reading, Index. | ||
| 700 | 1 |
_aBlau Joseph L. _92594 |
|
| 942 | _cBK | ||
| 999 |
_c1993 _d1993 |
||